Регионална библиотека "Любен Каравелов" - Русе

Land of the panda (Запис номер 490496)

MARC детайли
000 -Лидер
Контролно поле с фиксирана дължина agm a22 a 4500
003 - Код на организацията, давaща контролен номер
Контролно поле BLK
005 - Дата и час на последна редакция
Контролно поле 20230419135234.0
007 - Фиксирано поле за физическо описани
fixed length control field! mc ba akaadaaaac
008 - Елементи от данни с фиксирана дължина
fixed length control field 181012b bu ||||| |||| 00| 0zbu d
020 ## - Международен стандартен номер на книга ISBN
Международен стандартен номер на книга ISBN 9787887464620
040 ## - Източник на каталожния запис
Идентификатор на билиотеката - собственик на записа BLK
041 ## - Код за език
Код за езика на текст/звукозапис или на отделно заглавие Английски
-- Китайски
Код за езика КДБФ Английски
080 ## - УДК
Текстов определител УДК Географско разпространение на животните. Зоогеография. Фауна. Подразделя се чрез определителите за място (Табл. Ie). Вж и 591.5
УДК код - определител по УДК 591.9
УДК определител (510)
УДК - код + определител 591.9(510)
139 ## - Редно поле
Редна дума Land of the panda
Авторски знак Land - L 23
245 ## - Сведения за заглавието
Заглавие Land of the panda
Подзаглавни данни [DVD]
257 ## - Страна на издаване
Страна на създаване/издаване Китай
260 ## - Област на издателските данни
Място на издаване, разпространение и проч. Beijing
Име на издателя, разпространителя и проч. China Intercontinental Press
Година на издаване s. a.
9 (RLIN) 487381
300 ## - Физическа характеристика
Страници 1 DVD, 45 min.
Размери/Мащаб 12 см
380 ## - Жанр
Жанр Естествени науки. Математика
650 #0 - Допълнително описание по предмет – тема
9 (RLIN) 241748
Основно описание – тема или топоним Животни, диви
650 #0 - Допълнително описание по предмет – тема
9 (RLIN) 292440
Основно описание – тема или топоним Фауна, горска
651 #7 - Допълнително описание по предмет - топоним
9 (RLIN) 179033
Географско понятие Китай
653 #7 - Ключова дума – ненормативна
9 (RLIN) 193281
Ключова дума панди
856 ## - Електронен адрес и достъп
Инструкция (цена за достъп) 0.00
Права за достъп disable
999 ## - СИСТЕМНИ КОНТРОЛНИ НОМЕРА
Koha biblionumber 490496
Koha biblioitemnumber 490496
942 ## - АРТИКУЛИ
Вид на библиотечния материал Компактдискове
Източник на класификационната схема Universal Decimal Classification
Скрит в OPAC Не
Периодичен библиозапис Да
944 ## - СЪЗДАВАНЕ И РЕДАКЦИЯ на ЗАПИСА
Създаване/Редакция Създаване
Дата на регистрацията/редакция 2023-04-18
Служител, извършил регистрацията/редакцията nr
999 ## - СИСТЕМНИ КОНТРОЛНИ НОМЕРА
Koha biblioitemnumber 490464
999 ## - СИСТЕМНИ КОНТРОЛНИ НОМЕРА
Koha biblioitemnumber 490463
999 ## - СИСТЕМНИ КОНТРОЛНИ НОМЕРА
Koha biblioitemnumber 490462
999 ## - СИСТЕМНИ КОНТРОЛНИ НОМЕРА
Koha biblioitemnumber 490461
999 ## - СИСТЕМНИ КОНТРОЛНИ НОМЕРА
Koha biblioitemnumber 490460
999 ## - СИСТЕМНИ КОНТРОЛНИ НОМЕРА
Koha biblioitemnumber 490460
Наличности
Код за отписване Код за изгубен артикул Източник на класификационната схема Код за повреда Коз за рестрикции Код за отдаване Артикулен № Име на библиотеката - собственик Име на библиотеката, в която се намира в момента Статус (Текущо местоположение) Дата на вписване в системата Местоположение - отдел Цена в лева Инвентарен номер Систематично азбучна сигнатура Баркод Цена в евро Служебен тип на артикула
  Не е изгубен Universal Decimal Classification Не е повреден без рестрикции заемане за дома 927379 Регионална библиотека "Любен Каравелов" Русе Регионална библиотека "Любен Каравелов" Русе Отдел Изкуство - подръчен фонд 2023-04-20 Отдел Изкуство - подръчен фонд 3.00 120000886597 59/L 23 120000886597 1.53 Компактдискове
Vip Innovations Ltd, Rousse, Bulgaria 2025